000 00664nam a22002177a 4500
003 OSt
005 20220107122901.0
008 211130b xxu||||| |||| 00| 0 eng d
020 _a9781839214806
040 _cKUDSIT
082 _a004.62 LEA/I
100 _aLea, Perry
_918755
245 _aIoT and edge computing for architects:
_bImplementing edge and IoT systems from sensors to clouds with communication systems, analytics, and security
250 _a2
260 _aMumbai,
_bPackt Publishing,
_c2020.
300 _axviii, 606 p.
650 _aCOMPUTER SCIENCE
_918756
650 _aINTERNET OF THINGS
_918757
650 _aIoT
_918758
942 _2ddc
_cBK
999 _c6870
_d6870